• 首页
  • 本馆介绍
  • 公告通知
  • 最新文献
  • 馆藏检索
  • 电子资源
  • 读者导购
  • 参考咨询
  • 我的图书馆
  • 登录
  • 详细信息显示
  • 放入我的书架
  • 预约/预借图书
  • 作者相关作品
  • 分类相关作品
  • 丛书相关作品
  • 出版社相关作品

书目信息

  • 表格格式
  • 工作单格式
  • 卡片格式
题名:
现代自由曲式结构的形成与发展
    
 
作者: 胡静 著
分册:  
出版信息: 长春   吉林美术出版社  2019
页数: 162页
开本: 21cm
丛书名:
单 册:
中图分类: J614.3
科图分类:
主题词: 曲式--qu shi--研究
电子资源:
ISBN: 978-7-5575-3604-6
000 00946nam0 2200253 450
001 012001006613
005 20140101104331.0
010    @a978-7-5575-3604-6@dCNY32.00
099    @aCAL 012019030083
100    @a20190308d2019 em y0chiy50 ea
101 0  @achi
102    @aCN@b220000
105    @ay a 000yy
106    @ar
200 1  @a现代自由曲式结构的形成与发展@Axian dai zi you qu shi jie gou de xing cheng yu fa zhan@f胡静著
210    @a长春@c吉林美术出版社@d2019
215    @a162页@d21cm
320    @a有书目 (第161-162页)
330    @a本书在构成音乐作品的诸多要素中, 曲式结构无疑有着至关重要的地位和作用。它不仅使音乐作品的各个组成部分通过一定的方式联合成一个统一的整体, 而且还从不同的层面影响到其他的音乐表现要素, 如音乐材料的选择与运用、音乐语言陈述的方式等等。
606 0  @a曲式@Aqu shi@x研究
690    @aJ614.3@v5
701  0 @a胡静@Ahu jing@4著
801  0 @aCN@b上海新华@c20191020
905    @b1131928-31@dJ614.3@e1042@f4
    
    现代自由曲式结构的形成与发展/胡静著.-长春:吉林美术出版社,2019
    162页;21cm
    
    
    ISBN 978-7-5575-3604-6:CNY32.00
    本书在构成音乐作品的诸多要素中, 曲式结构无疑有着至关重要的地位和作用。它不仅使音乐作品的各个组成部分通过一定的方式联合成一个统一的整体, 而且还从不同的层面影响到其他的音乐表现要素, 如音乐材料的选择与运用、音乐语言陈述的方式等等。
●
相关链接 在E读中查询图书 在五车中查询图书 在当当中查询图书 在豆瓣中查询图书


正题名:现代自由曲式结构的形成与发展     索取号:J614.3/1042         预约/预借

序号 登录号 条形码 馆藏地/架位号 状态 备注
1 1131928   211319287   第一样本阅览室/ [索取号:J614.3/1042] 在馆    
2 1131929   211319296   第一借阅区/ [索取号:J614.3/1042] 在馆    
3 1131930   211319303   第一借阅区/ [索取号:J614.3/1042] 在馆    
4 1131931   211319312   第一借阅区/ [索取号:J614.3/1042] 在馆    
唐山师范学院图书馆 欢迎您!
大连网信软件有限公司© 版权所有